000 00535nam a2200181Ia 4500
999 _c32163
_d32163
003 OSt
005 20201014100556.0
008 190216s9999||||xx |||||||||||||| ||und||
020 _a9788173193309
040 _coclc
082 _a629.8312
_bBAL/E
100 _aBalachandran, K
_95685
245 0 _aElements Of Control Theory /
_cK Balachandran ; J P Dauer
260 _bNarosa Pubs House,
_aNew Delhi:
_c1999.
300 _a116p
650 _aMathematics
942 _cBK
_2ddc
_h629.8312
_iBAL/E
_k629.8312
_mBAL/E